000 00512nam 22001693 4500
001 199079
090 _a199079
100 _a20251117d u||y0pory50 ba
200 _aQuadros institucionais : do social ao jurídico
_fPaulo Ferreira da Cunha
210 _aPorto
_cRés
_d[s.d.]
215 _a378, [8] p.
_cil. ; encadernado
_d21 cm
606 _935
_aSociologia. Demografia.Estatística
675 _a31
_vPT
_zpor
700 _912591
_aCunha
_bPaulo Ferreira da
801 _aPT
_bBMMN
_gRPC
830 _cVanda
990 _cLIVROS